000 00732cam a22002292 4500
001 0000003185
005 20151217151917.0
008 070430s xx 000 0 eng d
020 _a1873796641 :
_cKES 2,000
040 _aKABU
_cKABU
050 0 _aHQ27.3
_b.G35
100 1 _aGallagher, Jonathan.
_@0000160659
245 1 0 _aYoung man :
_ba young man's guide to teenage sexuality /
_cJonathan and Ana Gallagher.
260 _aNew York :
_bBible Society,
_c1997.
300 _a185 p.
650 0 _aBoys
_xsexual behaviour.
_@0000160660
700 1 _aGallagher, Ana.
_@0000160661
908 _a070430
950 _@1
999 _c6269
_d6269